[Event "VIE Cup"]
[Site "Bac Giang"]
[Date "2018.06.02"]
[Round "6"]
[White "Pham, Phuc Khoi Nguyen"]
[Black "Mai, Tien Huy"]
[Result "1-0"]
[WhiteElo "1865"]
[BlackElo "1879"]
[PlyCount "90"]
[EventDate "2018.05.30"]
[EventType "swiss"]
[EventRounds "9"]
[EventCountry "VIE"]
[SourceTitle "CBM 184 Extra"]
[Source "ChessBase"]
[SourceDate "2018.06.28"]
[SourceVersion "1"]
[SourceVersionDate "2018.06.28"]
[SourceQuality "1"]

1. e4 e5 2. Nf3 d6 3. h3 Nf6 4. Nc3 c5 5. Bc4 h6 6. d3 Be7 7. Be3 0-0 8. 0-0 Nc6 9. a3 Nd4 10. Nd5 b6 11. c3 Nxf3+ 12. Qxf3 Bb7 13. Nxe7+ Qxe7 14. Rad1 Rad8 15. Bc1 d5 16. exd5 Nxd5 17. Qg3 Qd6 18. Rfe1 Rfe8 19. Re2 Nf4 20. Bxf4 exf4 21. Qg4 Rxe2 22. Qxe2 Qc6 23. f3 Qd7 24. Re1 Bd5 25. Ba6 b5 26. d4 Bc4 27. Qe4 cxd4 28. cxd4 Qxd4+ 29. Qxd4 Rxd4 30. Re5 Rd1+ 31. Kh2 Be6 32. Bxb5 Rd2 33. Re2 Rd5 34. Bc4 Rd6 35. Bxe6 Rxe6 36. Rxe6 fxe6 37. Kg1 Kf7 38. Kf2 Kf6 39. Ke2 Kf5 40. Kd3 h5 41. b4 g5 42. b5 e5 43. a4 Ke6 44. a5 Kd6 45. b6 a6 1-0

[Event "VIE Cup"]
[Site "Bac Giang"]
[Date "2018.06.01"]
[Round "4"]
[White "Pham, Phuc Khoi Nguyen"]
[Black "Nguyen, Minh Chi Thien"]
[Result "0-1"]
[WhiteElo "1865"]
[BlackElo "1901"]
[PlyCount "76"]
[EventDate "2018.05.30"]
[EventType "swiss"]
[EventRounds "9"]
[EventCountry "VIE"]
[SourceTitle "CBM 184 Extra"]
[Source "ChessBase"]
[SourceDate "2018.06.28"]
[SourceVersion "1"]
[SourceVersionDate "2018.06.28"]
[SourceQuality "1"]

1. e4 c5 2. Nf3 e6 3. d4 cxd4 4. Nxd4 Nf6 5. Nc3 Nc6 6. Be2 d6 7. Be3 Be7 8. 0-0 0-0 9. Nb3 a6 10. Kh1 b5 11. a3 Bb7 12. f4 Qc7 13. Bf3 Rac8 14. Qe1 h6 15. Qg3 Rfd8 16. f5 Kh7 17. Be2 Ne5 18. Rf4 d5 19. Rh4 Nxe4 20. Nxe4 Bxh4 21. Qxh4 dxe4 22. f6 Ng6 23. Qf2 gxf6 24. Bb6 Qf4 25. Qxf4 Nxf4 26. Bxd8 Nxe2 27. Bxf6 Rxc2 28. Rf1 e3 29. Bh4 f5 30. Rd1 Rxb2 31. Nc5 Bd5 32. Nd3 Rd2 33. Rc1 Rxd3 34. Rc7+ Kg6 35. h3 Nf4 36. Kh2 Bxg2 37. Kg3 e5 38. Rc6+ Bxc6 0-1